Las adicciones : dimensión, impacto y perspectivas /

Salvato in:
Dettagli Bibliografici
Autore principale: Tapia Conyer, Roberto (ed.)
Altri autori: Fuente, Juan Ramón de la (prólogo) (prólogo)
Natura: Libro
Lingua:spagnolo
Pubblicazione: México : El Manual Moderno, 2001, c2001
Edizione:2a edición
Soggetti:
Tags: Aggiungi Tag
Nessun Tag, puoi essere il primo ad aggiungerne!!

MARC

LEADER 00000nam^a2200000^a^4500
001 000117384
005 20250521000000.0
009 20260526122902.491
020 |a 968-426-856-4 
037 |a Acervo ITESO - Biblioteca 
041 |a ESP 
082 |a 616. 86  |b TAP 
100 |a Tapia Conyer, Roberto  |e (ed.) 
245 1 4 |a Las adicciones :  |b dimensión, impacto y perspectivas /  |c Ed. de R. Tapia Conyer ; pról. de J.R. de la Fuente. 
250 |a 2a edición 
264 4 |a México :  |b El Manual Moderno,  |c 2001, c2001 
300 |a XIV, 290 p. 
336 |a texto  |b txt  |2 rdacontenido 
337 |a sin mediación  |b n  |2 rdamedio 
338 |a volumen  |b nc  |2 rdasoporte 
649 |a XX 
650 |a Drogadicción 
650 |a Alcoholismo 
650 |a Tabaquismo 
650 |a Drogas 
650 |a Adicciones -  |x Prevención 
650 |a Adicciones -  |x Diagnóstico 
650 |a Adicciones -  |x Rehabilitación 
650 |a Conducta Antisocial 
650 |a Trastornos de Conducta 
650 |a Problemas Sociales 
650 |a Psicopatología 
650 |a Psicología Clínica 
650 |a Medicina 
650 |a Ciencias Médicas 
700 |a Fuente, Juan Ramón de la  |e (prólogo) 
910 |a Fondo General 
920 |a Impresos - Libros 
930 |a Colección General 
905 |a 101 
901 |a 0500052857  |b IT1  |c ACC  |u 20250521 
902 |a https://opac.biblio.iteso.mx/vufind/Record/000117384